Viu el Parc! : tardor / tardor /
Publicado:
[Barcelona] :
Diputació de Barcelona, Servei de Parcs Naturals, Oficina de Difusió Artística ,
1999
Descripción Física:
Fulletons : il·lustracions ; 21 cm
Colección:
Viu el Parc!
Materias:
Parc d'Olèrdola (Catalunya) -- Activitats culturals
; Parc del Foix (Catalunya) -- Activitats culturals
; Parc del Garraf (Catalunya) -- Activitats culturals
Idioma:
Catalán
MARC
| LEADER | 00000nam a2200000Ia 4500 | ||
|---|---|---|---|
| 001 | 15111, 15112, 15113, 15114, 16720, 19199, 23307, 23638, 23982, 25760, 25934, 25948, 26217 | ||
| 003 | Arxiu | ||
| 005 | 20260324181511.0 | ||
| 008 | 160829c1999 spca xx s cat c | ||
| 017 | |a DL B 19870-2015 | ||
| 017 | |a DL B 19543-2017 | ||
| 017 | |a DL B 21511-2018 | ||
| 017 | |a DL B 17236-2016 | ||
| 017 | |a DL B 20541-2019 | ||
| 017 | |a DL B 18511-2014 | ||
| 040 | |a AGDB | ||
| 080 | |a FU-34-4, FU-34-5, FU-34-6, FU-34-7, FU-45-40, FU-41-39, FU-59-76; FU-62-68, FU-62-121 | ||
| 080 | |a FU-70-17 | ||
| 080 | |a FU-69-19 | ||
| 080 | |a FU-69-70 | ||
| 080 | |a FU-70-62 | ||
| 080 | |a FU-70-68 | ||
| 080 | |a FU-72-7 | ||
| 080 | |a FU-62-121 | ||
| 110 | 2 | |a Parc del Garraf (Catalunya) |9 9859 | |
| 245 | 1 | 0 | |a Viu el Parc! : |b tardor / |c Parcs del Garraf, d'Olèrdola i del Foix |
| 260 | |a [Barcelona] : |b Diputació de Barcelona, Servei de Parcs Naturals, Oficina de Difusió Artística, |c 1999- | ||
| 300 | |a Fulletons : |b il·lustracions ; |c 21 cm | ||
| 310 | |a Anual | ||
| 362 | |a 1999- | ||
| 490 | 1 | |a Viu el Parc! | |
| 500 | |a Anteriorment: Viu el Parc : el Garraf-Olèrdola | ||
| 500 | |a A partir de 2004 el títol és: Viu el parc / Parc del Garraf, Parc d'Olèrdola, Parc del Foix. | ||
| 500 | |a A partir de 2008: Parcs del Garraf, d'Olèrdola i del Foix | ||
| 500 | |a Editat des de 2015 Diputació de Barcelona. Gerència de Serveis d'Espais Naturals | ||
| 610 | 2 | 0 | |a Parc d'Olèrdola (Catalunya) |x Activitats culturals |9 52942 |
| 610 | 2 | 0 | |a Parc del Foix (Catalunya) |x Activitats culturals |9 52943 |
| 610 | 2 | 0 | |a Parc del Garraf (Catalunya) |x Activitats culturals |9 52944 |
| 710 | 2 | |a Parc d'Olèrdola (Catalunya) |9 13549 | |
| 710 | 2 | |a Parc del Foix (Catalunya) |9 52674 | |
| 710 | 2 | |a Barcelona (Catalunya : Província). |b Oficina de Difusió Artística |9 52669 | |
| 710 | 1 | |a Barcelona (Catalunya : Província). |b Xarxa de Parcs Naturals |9 7250 | |
| 710 | 1 | |a Barcelona (Catalunya : Província). |b Gerència de Serveis d’Espais Naturals |9 52730 | |
| 830 | 0 | |9 55831 |a Viu el Parc! | |
| 866 | |a 1999-2002 | ||
| 866 | |a Tardor 2004, Tardor 2008 (15a ed.) | ||
| 866 | |a 2011-2019 | ||
| 901 | |a Arxiu | ||
| 942 | |n 1 |2 udc |c ARXIU | ||
| 952 | |0 0 |1 0 |4 0 |7 1 |9 55102 |a Arxiu |b Arxiu |d 2016-12-01 |h 11a edició (2004) |o FU-45-40 |p 16720 |r 2016-12-01 00:00:00 |w 2016-12-01 |y ARXIU | ||
| 952 | |0 0 |1 0 |4 0 |7 1 |9 56089 |a Arxiu |b Arxiu |d 2023-04-05 |h 20a edició (2013) |o FU-62-121 |p 23982 |r 2016-12-01 00:00:00 |w 2016-12-01 |y ARXIU | ||
| 952 | |0 0 |1 0 |4 0 |7 1 |9 61708 |a Arxiu |b Arxiu |d 2022-05-17 |h 24a edició (2017) |o FU-69-19 |p 25521 |r 2022-05-17 00:00:00 |w 2022-05-17 |y ARXIU | ||
| 952 | |0 0 |1 0 |4 0 |7 1 |9 62073 |a Arxiu |b Arxiu |d 2022-05-27 |h 25a edició (2018) |o FU-69-70 |p 25678 |r 2022-05-27 00:00:00 |w 2022-05-27 |y ARXIU | ||
| 952 | |0 0 |1 0 |4 0 |6 FU7017 |7 1 |9 62159 |a Arxiu |b Arxiu |d 2022-06-03 |h 22a edició (2015) |o FU-70-17 |p 25760 |r 2022-06-03 00:00:00 |w 2022-06-03 |y ARXIU | ||
| 952 | |0 0 |1 0 |4 0 |6 FU7062 |7 1 |9 62399 |a Arxiu |b Arxiu |d 2022-06-15 |h 23a edició (2016) |l 0 |o FU-70-62 |p 25934 |r 2022-06-15 00:00:00 |w 2022-06-15 |y ARXIU | ||
| 952 | |0 0 |1 0 |4 0 |7 1 |9 62413 |a Arxiu |b Arxiu |d 2022-06-15 |h 26a edició (2019) |o FU-70-69 |p 25948 |r 2022-06-15 00:00:00 |w 2022-06-15 |y ARXIU | ||
| 952 | |0 0 |1 0 |4 0 |6 FU727 |7 1 |9 62732 |a Arxiu |b Arxiu |d 2022-07-11 |h 21a edició (2014) |l 0 |o FU-72-7 |p 26217 |r 2022-07-11 00:00:00 |w 2022-07-11 |y ARXIU | ||
| 952 | |0 0 |1 0 |4 0 |6 FU6268 |7 1 |9 65412 |a Arxiu |b Arxiu |d 2023-03-01 |h 19a edició (2012) |l 0 |o FU-62-68 |p 23638 |r 2023-03-01 00:00:00 |w 2023-03-01 |y ARXIU | ||
| 952 | |0 0 |1 0 |4 0 |6 FU5976 |7 1 |9 65430 |a Arxiu |b Arxiu |d 2023-03-01 |h 18a edició (2011) |l 0 |o FU-59-76 |p 23307 |r 2023-03-01 00:00:00 |w 2023-03-01 |y ARXIU | ||
| 952 | |0 0 |1 0 |4 0 |6 FU344 |7 1 |9 65499 |a Arxiu |b Arxiu |d 2023-03-07 |h 6a edició (1999) |l 0 |o FU-34-4 |p 15111 |r 2023-03-07 00:00:00 |w 2023-03-07 |y ARXIU | ||
| 952 | |0 0 |1 0 |4 0 |6 FU345 |7 1 |9 65500 |a Arxiu |b Arxiu |d 2023-03-07 |h 7a edició (2000) |l 0 |o FU-34-5 |p 15112 |r 2023-03-07 00:00:00 |w 2023-03-07 |y ARXIU | ||
| 952 | |0 0 |1 0 |4 0 |6 FU346 |7 1 |9 65501 |a Arxiu |b Arxiu |d 2023-03-07 |h 8a edició (2001) |l 0 |o FU-34-6 |p 15113 |r 2023-03-07 00:00:00 |w 2023-03-07 |y ARXIU | ||
| 952 | |0 0 |1 0 |4 0 |6 FU347 |7 1 |9 65502 |a Arxiu |b Arxiu |d 2023-03-07 |h 9a edició (2002) |l 0 |o FU-34-7 |p 15114 |r 2023-03-07 00:00:00 |w 2023-03-07 |y ARXIU | ||
| 952 | |0 0 |1 0 |4 0 |6 FU4139 |7 1 |9 65978 |a Arxiu |b Arxiu |d 2023-04-05 |h 15a edició (2008) |l 0 |o FU-41-39 |p 19199 |r 2023-04-05 00:00:00 |w 2023-04-05 |y ARXIU | ||
| 999 | |c 58974 |d 58974 | ||